What science can teach us about “Enhanced Interrogation”
| Autores principales: | ; |
|---|---|
| Tipo de documento: | Electrónico Artículo |
| Lenguaje: | Inglés |
| Publicado: |
2017
|
| En: |
International journal of intelligence and counterintelligence
Año: 2017 |
| Acceso en línea: |
Volltext (kostenfrei) Volltext (kostenfrei) |
| Verificar disponibilidad: | HBZ Gateway |
| Palabras clave: |
MARC
| LEADER | 00000caa a22000002c 4500 | ||
|---|---|---|---|
| 001 | 1865845302 | ||
| 003 | DE-627 | ||
| 005 | 20250115054858.0 | ||
| 007 | cr uuu---uuuuu | ||
| 008 | 231017s2017 xx |||||o 00| ||eng c | ||
| 024 | 7 | |a 10.1080/08850607.2016.1230707 |2 doi | |
| 035 | |a (DE-627)1865845302 | ||
| 035 | |a (DE-599)KXP1865845302 | ||
| 040 | |a DE-627 |b ger |c DE-627 |e rda | ||
| 041 | |a eng | ||
| 084 | |a 2,1 |2 ssgn | ||
| 100 | 1 | |a Duke, Misty C. |e VerfasserIn |4 aut | |
| 245 | 1 | 0 | |a What science can teach us about “Enhanced Interrogation” |
| 264 | 1 | |c 2017 | |
| 336 | |a Text |b txt |2 rdacontent | ||
| 337 | |a Computermedien |b c |2 rdamedia | ||
| 338 | |a Online-Ressource |b cr |2 rdacarrier | ||
| 650 | 4 | |a Research | |
| 700 | 1 | |a Van Puyvelde, Damien |e VerfasserIn |4 aut | |
| 773 | 0 | 8 | |i Enthalten in |t International journal of intelligence and counterintelligence |d London [u.a.] : Taylor & Francis, 1986 |g (2017) |h Online-Ressource |w (DE-627)315620064 |w (DE-600)2017792-6 |w (DE-576)306828936 |x 1521-0561 |7 nnas |
| 773 | 1 | 8 | |g year:2017 |
| 856 | |u https://eprints.gla.ac.uk/144452/1/144452.pdf |x unpaywall |z Vermutlich kostenfreier Zugang |h repository [oa repository (via OAI-PMH doi match)] | ||
| 856 | 4 | 0 | |u https://core.ac.uk/download/84340581.pdf |x Verlag |z kostenfrei |3 Volltext |7 0 |
| 856 | 4 | 0 | |u https://doi.org/10.1080/08850607.2016.1230707 |x Resolving-System |z kostenfrei |3 Volltext |7 0 |
| 935 | |a mkri | ||
| 951 | |a AR | ||
| ELC | |a 1 | ||
| LOK | |0 000 xxxxxcx a22 zn 4500 | ||
| LOK | |0 001 4390883704 | ||
| LOK | |0 003 DE-627 | ||
| LOK | |0 004 1865845302 | ||
| LOK | |0 005 20231017043723 | ||
| LOK | |0 008 231017||||||||||||||||ger||||||| | ||
| LOK | |0 035 |a (DE-2619)CORE123754951 | ||
| LOK | |0 040 |a DE-2619 |c DE-627 |d DE-2619 | ||
| LOK | |0 092 |o n | ||
| LOK | |0 852 |a DE-2619 | ||
| LOK | |0 852 1 |9 00 | ||
| LOK | |0 935 |a core | ||
| LOK | |0 939 |a 17-10-23 |b l01 | ||
| OAS | |a 1 | ||
| ORI | |a SA-MARC-krimdoka001.raw | ||
